000 00592nam a2200169 i 4500
001 129220
003 ES-MaACL
005 20230906193447.0
007 t|
008 070608s1966 sp ||||1| spa d
100 1 _aTerlinden, Charles
_cVicomte.
_9109744
245 1 0 _aCarolus Quintus
_b: Carlos Quinto Emperador de dos mundos /
_cVicomte Charles Terlinden ; [versión Dolores Sánchez de Aleu].
260 _aMadrid :
_bRialp,
_c[1966]
300 _a267 p., 50 lám. col., 2 pleg. :
_bil. ;
_c34 cm.
700 1 _aSánchez Aleu, Dolores.
_9174488
852 _aES-MaACL
_jC-29037
_bR.61475
999 _c129220
_d129220